Tứ thơ Đại học -Trung dung

Сохранить в:
Библиографические подробности
Главный автор: Tứ thơ
Формат:
Язык:Undetermined
Опубликовано: Huế Nxb. Thuận Hóa 1996
Предметы:
Метки: Добавить метку
Нет меток, Требуется 1-ая метка записи!
Thư viện lưu trữ: Trung tâm Học liệu Trường Đại học Cần Thơ
LEADER 00524nam a2200181Ia 4500
001 CTU_22005
008 210402s9999 xx 000 0 und d
082 |a 181.11 
082 |b T550đ 
100 |a Tứ thơ 
245 0 |a Tứ thơ 
245 0 |b Đại học -Trung dung 
245 0 |c Tứ thơ, Đoàn Trung Còn 
260 |a Huế 
260 |b Nxb. Thuận Hóa 
260 |c 1996 
650 |a confucius and confucianism,philosophy, chinese 
980 |a Trung tâm Học liệu Trường Đại học Cần Thơ